| 000 | 00765nam a2200241 a 4500 | ||
|---|---|---|---|
| 005 | 20240613063657.0 | ||
| 008 | 030320s2001 mx r 000 0 spa d | ||
| 020 | _a9706413405 (v.1) | ||
| 020 | _a9706413413 (v.2) | ||
| 035 | _aUPN01000123126 | ||
| 049 | _aCG | ||
| 050 | 4 |
_aLB1025 _bM4.9 2001 |
|
| 100 | 1 | _aMejía Rojas, Benito | |
| 245 | 1 | 0 |
_aSociodidáctica / _cBenito Mejía Rojas. |
| 250 | _a2a. ed. | ||
| 260 |
_aMéxico : _bProgreso, _c2001. |
||
| 300 | _a2 v. | ||
| 505 | 8 |
_aContenido: _gv.1 _tTécnicas y prácticas dinámicas -- _gv.2 _tDinámica del proceso enseñanza-aprendizaje. |
|
| 650 | 4 |
_aProceso enseñanza-aprendizaje _942 |
|
| 650 | 4 |
_aEducación _xEstudio y enseñanza _91553 |
|
| 650 | 4 |
_aTécnicas de enseñanza _95713 |
|
| 905 | _aLibro | ||
| 999 |
_c95307 _d95307 |
||